000 00333nam a22001337a 4500
008 160510b xxu||||| |||| 00| 0 eng d
020 _a9780321523990
020 _a9780321523990
020 _a03210523997
041 _aeng
080 _a611
245 _aEssentials of human anotomy physiology:
_cElaine N. Marieb;
942 _2udc
_cBK
999 _c1962
_d1962